Asas Seni Lukis 2 : untuk calon SRP,SPM,STPM & Pelukis Amatur

Bibliographic Details
Main Author: Ong Chong King
Other Authors: Rosli Mat
Format: Book
Published: Kuala Lumpur : Edusystem Sdn.Bhd. , 1991
Subjects:

MARC

LEADER 00000cam a2200000 7i4500
001 0000009795
002 000010665
005 20000330.0
020 |a 9679061604 
090 0 0 |a 741.2   |b ONG 
100 0 |a Ong Chong King 
245 1 0 |a Asas Seni Lukis 2 :   |b untuk calon SRP,SPM,STPM & Pelukis Amatur   |c Ong Chong King dan Rosli Mat 
260 |a Kuala Lumpur :   |b Edusystem Sdn.Bhd. ,   |c 1991 
300 |a 130p. :   |b ill. ;   |c 28cm. 
650 0 0 |a Drawing   |x Technique 
700 0 |a Rosli Mat 
999 |a 00089275   |b BUKU   |c PINJAMAN   |e PERPUSTAKAAN KOMUNITI PETALING JAYA 
999 |a 023592   |b BUKU   |c PINJAMAN   |e PERPUSTAKAAN KOMUNITI PETALING JAYA 
999 |a 023593   |b BUKU   |c PINJAMAN   |e PERPUSTAKAAN KOMUNITI PETALING JAYA